1950 1643 1280 1529 1383 1319 1379 1672 1427 1553 1529 1495 1756 1192 1252 1921 1008 1360 1462 1958 1998 1754 1794 1650 1266 1346 1140 1623 1378 1154 1727 1833 1639 1023 1082 1947 1257 1458 1125 1272 1309 1187 1459 1346 1625 1468 1576 1086 1495 1316 1091 1658 1963 1400 1223 1480 1290 1983 1476 1586 1829 1452 1356 1620 1649 1428 1198 1089 1201 1250 1161 1957 1397 1199 1266 1974 1840 1499 1965 1045 1054 1354 1560 1415 1934 1185 1395 1545 1080 1665 1530 1442 1065 1565 1059 1644 1084 1366 1442 BCNSPRNW ULIB Ver.6.0+V

เปลี่ยนเป็นภาษาไทย

Change to English
 แสดงรายละเอียดบรรณานุกรม
  กลับหน้าหลัก

Brief Record : Get Marc (ISO 2709) : E-mail record : QR code < ปิดหน้าต่าง
LEADER : 00000nam 2200000uu 4500
001    13399112094
003     ULIB
008    110726s2551||||th 000 0 tha d
020    9789743729645
050  4 HA32^bช686ก
100 0  ชูศักดิ์ จรูญสวัสดิ์
245 10 การวิเคราะห์ข้อมูลและการใช้สถิติในงานวิจัย /^cชูศักดิ์ จรูญสวัสดิ์
250    พิมพ์ครั้งที่ 1
260    [กรุงเทพฯ] :^bส.เสริมมิตรการพิมพ์,^c2551
300    vii, 208 หน้า :^bภาพประกอบ ;^c26 ซม.
650  4 คณิตศาสตร์สถิติ
650  4 วิจัย^xการประมวลผลข้อมูล
650  4 สถิติวิเคราะห์
650  4 เอสพีเอสเอส (โปรแกรมคอมพิวเตอร์)
945    ^p200^l0^i027080
945    ^p200^l0^i027081
945    ^p200^l0^i009340
995    ทศพร
999 ^a ทศพร
รายการนี้ยังไม่มีแท็ก
คุณยังไม่ได้ล็อกอิน คุณสามารถมีกิจกรรมร่วมกับเว็บไซต์ได้ แต่ต้องล็อกอินก่อน ::
  ล็อกอิน

รายการสื่อสารสนเทศ

ลำดับที่ ประเภท เลขเรียก/บาร์โค้ด สถานที่ สถานะ
1. การศึกษาทั่วไป
การศึกษาทั่วไป
HA32 ช686ก ฉ.3 
  Barcode: 009340
ห้องสมุดวิทยาเขตสวรรค์ประชารักษ์
►หนังสือทั่วไป
บนชั้น

รายการใกล้เคียง
    ผู้แต่ง [ชูศักดิ์ จรูญสวัสดิ์]

    หัวเรื่อง [คณิตศาสตร์สถิติ]
    หัวเรื่อง [สถิติวิเคราะห์]
    หัวเรื่อง [เอสพีเอสเอส (โปรแกรมคอมพิวเตอร์)]

BibComment


ยังไม่เคยถูกคอมเมนท์

คอมเมนท์ทรัพยากรรายการนี้
  คอมเมนท์: การวิเคราะห์ข้อมู..


 Copyright 2026. Bcnsprnw @Library